01024nam a2200241 u 450000100100000000500170001000800410002704100090006804300120007708200190008924500360010826000490014430000340019349000330022750000210026050502170028165000290049865000480052765000460057565000490062165000540067074000580072400006295720200120224306.0140802s2011 ck gr| 000 0 spa d0 aYspa ac-k----04a305.8bT8222110aTV Étnicah[videograbación] aBogotá :bMinisterio de Cultura,c[2011?]. a2 DVD :bson., col, ;e12 CM. 0ala ventanapCultura para ver aIncluye índice0 gDVD 1: Cap.1- El baile de los muertos ; cap.2- Tras la huella de los mokaná ; cap. 3- Letterfrom sea-- DVD 2: Cap.4- Hilando el pensamiento ; cap.5- Hijos de la madre tierra ; cap.6- Maíz, gestor de libertad.17aIdentidad étnica2LEMB27aEmisiones por televisiónxetnicidad2LEMB27aTelevisiónxdifusiónxetnicidad2LEMB27aTelevisiónxrazas nativasxetnicidad2LEMB27aTelevisiónxrazas aborígenesxetnicidad2LEMB0 aGuía de contenidos - Ver No. topográfico 0216 G84